Estatísticas para Quiz da Birmânia (Myanmar)

Clique aqui para jogar o quiz

Estatísticas Gerais

  • Esse quiz foi jogado 413 vezes
  • A pontuação média é 11 de 19

Estatísticas das Respostas

DicaResposta% Correto
Países fazendo fronteira
com a Birmânia
China
93%
Países fazendo fronteira
com a Birmânia
Índia
92%
País europeu que colonizou a BirmâniaReino Unido
91%
Países fazendo fronteira
com a Birmânia
Tailândia
91%
Países fazendo fronteira
com a Birmânia
Bangladesh
89%
Países fazendo fronteira
com a Birmânia
Laos
88%
Religião dominanteBudismo
84%
A Birmânia é um dos três países que
não usam esse sistema (os outros
países sendo os EUA e a Libéria)
Sistema
Internacional
80%
País que invadiu a Birmânia em 1942Japão
72%
Religião do povo rohingyaislã
68%
CapitalNaypyidaw
60%
Maior cidadeRangum
40%
A Birmânia está localizado nesse golfoGolfo de {Bengala}
39%
Fazendo fronteira com esse marMar de {Andamão}
34%
Segunda maior cidadeMandalai
29%
Líder politica que ficou em
prisão domiciliar por 20 anos
{Aung} San
Suu Kyi
24%
Rio principalIrauádi
24%
Moeda oficialQuiate
24%
Secretário-geral das Nações Unidas
1961-71
U {Thant}
22%

Distribuição das Pontuações

Percentil de Números Respondidos

Porcentagem de Pessoas com Cada Pontuação

Sua Pontuação Histórica

Você não jogou esse quiz